Cargando...

Survey of Indian Agriculture 1990

Detalles Bibliográficos
Autor Principal: The Hindu
Idioma:English
Publicado: The Hindu 1990
LEADER 00298nam a22001217a 4500
005 20151028162641.0
008 120217t xxu||||| |||| 00| 0 eng d
082 |a HSI(A) 
100 |a The Hindu  |9 31034 
245 |a Survey of Indian Agriculture 1990 
942 |c REF  |6 _ 
260 |b The Hindu  |c 1990 
999 |c 83248  |d 83248